000 01034nam2a22002531 4500
001 RU\NLR\INFOCOMM15\1000131802
005 20250617121511.0
035 _a(NLR Aleph) 002594715
090 _a3390878
_c3390878
100 _a20040609d1924 |||y0rusy50 ca
101 0 _arus
102 _aRU
105 _ay |||||||||
200 1 _aОб отжиге оптического стекла
_fА.А. Лебедев
210 _d1924
_aБ. м.
461 0 _1001RU\NLR\INFOCOMM15\1000131780
_12001#$aТруды Государственного оптического института$vТ. 3, Вып. 24
_92382893
_a"Оптический институт им. С. И. Вавилова", всероссийский научный центр (Санкт-Петербург)
_cСПб.
_d1919 -
_tТруды ГОИ
_x0371-7100
_vТ. 3, Вып. 24
700 1 _aЛебедев
_bА. А.
801 1 _aRU
_bInfoComm
_c20040609
801 0 _aRU
_bNLR
_gPSBO
852 _aNLR
_jП7/463
942 _cISSUE
980 _aNB
980 _aRUSPER